Normal view
MARC view
- Aʻvān, Irshād Shākir.
Entry Personal Name
001 - CONTROL NUMBER
- control field: 94
003 - CONTROL NUMBER IDENTIFIER
- control field: Nust
005 - DATE AND TIME OF LATEST TRANSACTION
- control field: 20170505173214.0
008 - FIXED-LENGTH DATA ELEMENTS
- fixed length control field: 170505|| aca||aabn | a|a d
040 ## - CATALOGING SOURCE
- Original cataloging agency: Nust
- Transcribing agency: Nust
100 ## - HEADING--PERSONAL NAME
- Personal name: Aʻvān, Irshād Shākir.
670 ## - SOURCE DATA FOUND
- Source citation: Work cat.: (Nust)0: 880-01 Aʻvān, Irshād Shākir., Bayān-i Iqbāl :, 2008.
